000 00803nam a2200253 a 4500
008
049 _aMAIN
090 _aHD40
_bHAD
100 1 _aHadley, G.
245 1 0 _aAnalysis of inventory systems /
_cby G. Hadley, T. M. Whitin.
260 _aEnglewood Cliffs :
_bPrentice-Hall,
_c1963.
300 _axi, 452 p.
_bill. ;
_c24 cm.
440 _aPrentice-Hall international series in management.
440 _aPrentice-Hall quantitative methods series.
504 _aIncludes bibliographical references.
500 _aIncludes index.
650 0 _aInventories
_xMathematical models.
700 1 _aWhitin, Thomson M.
907 _a.b10083352
_b16-08-11
_c17-07-03
003
005 20230123134249.0
040 _cNUST
942 _cBOOKS
_kHD40
_mHAD
999 _c162874
_d162874